[Event "Tres Cantos op 9th"]
[Site "Tres Cantos"]
[Date "2017.06.25"]
[Round "4"]
[White "Fernandez Salamanca, Gonzalo"]
[Black "Fernandez Descalzo, Gonzalo"]
[Result "1-0"]
[WhiteElo "1552"]
[BlackElo "1185"]
[PlyCount "71"]
[EventDate "2017.06.22"]
[EventType "swiss"]
[EventRounds "9"]
[EventCountry "ESP"]
[SourceTitle "EXT 2019"]
[Source "ChessBase"]
[SourceDate "2018.10.10"]
[SourceVersion "1"]
[SourceVersionDate "2018.10.10"]
[SourceQuality "1"]

1. d4 d5 2. Nf3 Nf6 3. Bf4 Nc6 4. e3 Bf5 5. Bb5 Qd7 6. Ne5 Qe6 7. Nd2 g6 8. Nb3 Bg7 9. Nc5 Qc8 10. Nxb7 Qe6 11. Bxc6+ Kf8 12. Nc5 Qd6 13. Ned7+ Nxd7 14. Bxd6 Rb8 15. Bxc7 Rxb2 16. Rb1 Bxc2 17. Qg4 Rxb1+ 18. Kd2 Bf5 19. Nxd7+ Kg8 20. Qf4 Rxh1 21. Bxd5 h5 22. e4 Bh6 23. Qxh6 Rxh6 24. exf5 gxf5 25. g4 hxg4 26. Bxh1 Rxh2 27. Bxh2 f6 28. Bd5+ Kg7 29. Ke3 e5 30. dxe5 fxe5 31. Bxe5+ Kg6 32. Kf4 Kh5 33. Be6 Kh4 34. Bxf5 a5 35. Bxg4 a4 36. Bf6# 1-0